Normal view
MARC view
- Elaj-e-Nabvi aur Jadeed Science-Pait ki bimaryan
Entry Topical Term
001 - CONTROL NUMBER
- control field: 89520
003 - CONTROL NUMBER IDENTIFIER
- control field: NUST
005 - DATE AND TIME OF LATEST TRANSACTION
- control field: 20220224134046.0
008 - FIXED-LENGTH DATA ELEMENTS
- fixed length control field: 220224|| aca||aabn | a|a d
040 ## - CATALOGING SOURCE
- Original cataloging agency: NUST
- Transcribing agency: NUST
150 ## - HEADING--TOPICAL TERM
- Topical term or geographic name entry element: Elaj-e-Nabvi aur Jadeed Science-Pait ki bimaryan
670 ## - SOURCE DATA FOUND
- Source citation: Work cat.: (NUST)587762: Khalid Ghaznavi, Dr. 89519, Elaj-e-Nabvi aur Jadeed Science;, 2017.
